000 00227 a2200097 4500
001 14181
100 _aGowers S.E
245 _aThe complete plain words
260 _aLondon
_bHer majesty's factionary
_c
090 _c11125
_d11125
942 _aNUST-CAE
_cM
_c1254
999 _c249254
_d249254